000
00329nam a2200133Ia 4500
100
_a
Metals Hand Book Committee
942
_c
RB
654
_a
Properties of Tool Materials
245
_a
Properties And Selection of Tool Materials
260
_b
A.S for Metals
_a
Ohio
_c
1975
082
_a
671
300
_a
314
546
_a
ENGLISH
999
_c
20163
_d
20163